LEADER 01332nam a2200289 u 4500 001 000000035135 003 CaOOAMICUS 005 20070226112542.0 008 980219s1994 it u000 u ita u 020 $a8810408713 035 $a10783370 040 $aPUL(R)$bita 245 00$aChiese locali e cattolicità :$batti del Colloquio Internazionale di Salamanca (2-7 aprile 1991) /$ca cura di Hervé Legrand, Julio manzanares, Antonio García y García. 260 $aBologna :$bEdizioni Dehoniane,$c1994. 300 $a616 p. ;$c21 cm 504 $aBibliografia in nota. 650 4$aChiesa.$0(OLS)http://pul/subject/2116 700 1 $aLegrand, Hervé,$cO.P.$0(OLS)http://pul/name/26499 700 1 $aGarcía y García, Antonio,$d1928-$0(OLS)http://pul/name/1051 700 1 $aManzanares Marijuan, Julio.$0(OLS)http://pul/name/18145 850 $aPUL 852 $aPUL$W1$xSL Diritto Canonico 1$y5$m153 A 75$j48131$nBK-PRI$b $qStampati$B48131$CPULBib$Z2$F48131 $H $81 941 1 $a8 961 $aINV: 71768 996 $6020$a8810408713$9(OLS)http://pul/number/44199 996 $6245$aChiese locali e cattolicità :$batti del Colloquio Internazionale di Salamanca (2-7 aprile 1991)$9(OLS)http://pul/title/48370 996 $6260$aBologna :$bEdizioni Dehoniane$9(OLS)http://pul/publisher/48070 LEADER 01138nam a2200277 u 4500 001 000000068197 003 CaOOAMICUS 005 20070226121754.0 008 020305s2001 fr u000 u fre u 035 $a10922660 040 $aPUL$bita 100 1 $aBaudry, Gérard-Henry.$0(OLS)http://pul/name/34645 245 13$aLe Baptême et ses symboles :$baux sources du salut /$cGérard-Henry Baudry. 260 $aParis :$bBeauchesne,$c2001. 300 $avi, 196 p. ;$c22 cm 490 1 $aLe point théologique 500 $aContiene indici. 504 $a"Bibliographie sélective": p. [187]-188. 650 4$aBattesimo.$0(OLS)http://pul/subject/1772 830 3$aLe point théologique.$0(OLS)http://pul/title/10197 850 $aPUL 852 $aPUL$W1$xSL Religione 2$y84$mTHEOL A14 59$j176061$nBK-PRI$b $qStampati altre collocazioni$B88236$CPULBib$Z2$F88236 $HPUL86449 $81 941 1 $a10 961 $aPrecedente collocazione: Teo 228 996 $6245$aLe Baptême et ses symboles :$baux sources du salut$9(OLS)http://pul/title/90254 996 $6260$aParis :$bBeauchesne$9(OLS)http://pul/publisher/48115